Dans quel jeu vidéo retrouve-t-on ce lieu emblématique ? - Statistiques

Statistiques générales
  • Ce quiz a été pris 24 fois
  • Le résultat moyen est 8 sur 28
Statistiques - réponses
Lieu Jeu vidéo % Correct
Château de Bowser Super Mario Bros
90%
Abri 13 Fallout
65%
Bourg Palette Pokémon Rouge et Bleu
60%
Los Santos Grand Theft Auto: San Andreas
55%
Tilted Towers Fortnite
45%
Blancherive The Elder Scrolls V: Skyrim
45%
Blackwater Red Dead Redemption
40%
Kaer Morhen The Witcher 3: Wild Hunt
40%
Nuketown Call of Duty Black Ops
35%
Ender Minecraft
35%
Manoir des Croft Tomb Raider II
35%
Hurlevent World of Warcraft
35%
Raccoon City Resident Evil 2
30%
Green Hill Zone Sonic The Hedgehog
30%
Night City Cyberpunk 2077
25%
Midgar Final Fantasy VII
20%
Route Arc-en-Ciel Super Mario Kart
20%
Lumière Clair Obscur: Expedition 33
15%
Mondstadt Genshin Impact
15%
Noxus League of Legends
15%
Château d'Hyrule The Legend of Zelda: A Link to the Past
15%
Système Lylat Starfox
10%
Rapture BioShock
5%
Nécrolimbe Elden Ring
5%
King's Row Overwatch
5%
Couveneige Undertale
5%
Anor Londo Dark Souls
0%
Facility Goldeneye 007
0%
Aucun quiz correspondant
Distribution des résultats
% des personnes avec chaque résultat
Percentile par nombre de réponses
Votre historique - résultats
Vous n’avez pas pris ce quiz